Second national survey of secondary teacher education in India (Record no. 235939)

MARC details
000 -LEADER
fixed length control field 00448nam a2200181Ia 4500
003 - CONTROL NUMBER IDENTIFIER
control field OSt
005 - DATE AND TIME OF LATEST TRANSACTION
control field 20251028124216.0
008 - FIXED-LENGTH DATA ELEMENTS--GENERAL INFORMATION
fixed length control field 250729s1969 xx 000 0 und d
040 ## - CATALOGING SOURCE
Transcribing agency AL
041 ## - LANGUAGE CODE
Language code of text/sound track or separate title eng
082 ## - DEWEY DECIMAL CLASSIFICATION NUMBER
Classification number 370.78 NCES
100 ## - MAIN ENTRY--PERSONAL NAME
Personal name Pandey B N
9 (RLIN) 223500
245 ## - TITLE STATEMENT
Title Second national survey of secondary teacher education in India
260 ## - PUBLICATION, DISTRIBUTION, ETC.
Place of publication, distribution, etc. New Delhi
Date of publication, distribution, etc. 1969
300 ## - PHYSICAL DESCRIPTION
Extent 159p
650 ## - SUBJECT ADDED ENTRY--TOPICAL TERM
Topical term or geographic name entry element Education
9 (RLIN) 223501
942 ## - ADDED ENTRY ELEMENTS (KOHA)
Source of classification or shelving scheme Dewey Decimal Classification
Koha item type School of Education
Holdings
Withdrawn status Lost status Damaged status Not for loan Home library Current library Date acquired Source of acquisition Cost, normal purchase price Total Checkouts Full call number Barcode Date last seen Cost, replacement price Price effective from Koha item type
        St Aloysius Library St Aloysius Library 07/29/2025 Management Books 9.00   370.78 NCES BED01258 07/29/2025 8.90 07/29/2025 Book